Studia Universitatis "Vasile Goldis". Seria educatie fizica si Kinetoterapie

Detalles Bibliográficos
Formato: Electrónico Revista
Lenguaje:rumano
inglés
Publicado: Arad, Romania : "Vasile Goldis" Western University Arad, Romania, 2012-
Materias:
Acceso en línea:Full text available from Research Library: 03/01/2012 to 12/31/2017

MARC

LEADER 00000nas a2200000 i 4500
001 ssj0001366363
003 WaSeSS
005 20200512172242.0
006 m d
007 cr n
008 141030c20129999rm fr p|s|||||| |0rum d
022 |y 2284-7324 
035 |a (WaSeSS)ssj0001366363 
040 |a WaSeSS  |b eng  |c WaSeSS  |d WaSeSS 
041 |a rum  |a eng 
050 4 |a R850.A1 
245 0 0 |a Studia Universitatis "Vasile Goldis". Seria educatie fizica si Kinetoterapie  |h [electronic resource]. 
260 |a Arad, Romania :  |b "Vasile Goldis" Western University Arad, Romania,  |c 2012- 
310 |a Semiannual 
362 1 |a Began with Volume 1 (1) (March 2012). 
506 |a License restrictions may limit access. 
546 |a In Romanian and English. 
588 |a Description based on: Volume 1 (1) (March 2012); title from title screen (ProQuest, viewed Oct. 30, 2014). 
588 |a Latest issue consulted: Volume 2 (2) (December 2013) (viewed Oct. 30, 2014). 
650 0 |a Medical sciences  |v Periodicals. 
650 0 |a Medicine  |v Periodicals. 
655 0 |a Electronic journals. 
776 0 8 |i Print version:  |t Studia Universitatis "Vasile Goldis". Seria educatie fizica si Kinetoterapie  |x 2284-7324 
856 4 0 |z Full text available from Research Library: 03/01/2012 to 12/31/2017  |u https://search.proquest.com/publication/2031964